La Mujer colombiana y los municipios: retos y realidades /
Guardado en:
| Autor principal: | |
|---|---|
| Otros Autores: | , |
| Formato: | Texto |
| Materias: | |
| Etiquetas: |
Agregar Etiqueta
Sin Etiquetas, Sea el primero en etiquetar este registro!
|
MARC
| LEADER | 00000 a a2200000 04500 | ||
|---|---|---|---|
| 001 | 4269 | ||
| 003 | |||
| 040 | |||
| 100 | |a Alameda, Patricia | ||
| 245 | |a La Mujer colombiana y los municipios: |b retos y realidades / |c Patricia Alameda ; Constanza Escobar ; Fernando Sarmiento | ||
| 650 | |a MUJERES | ||
| 650 | |a PARTICIPACION POLITICA | ||
| 650 | |a PARTICIPACION COMUNITARIA | ||
| 650 | |a DESARROLLO DE LA COMUNIDAD | ||
| 650 | |a ROL DE LA MUJER | ||
| 650 | |a GOBIERNO LOCAL | ||
| 650 | |a DERECHOS DE LA MUJER | ||
| 650 | |a IGUALDAD DE GENERO | ||
| 650 | |a PARTICIPACION POLITICA | ||
| 700 | |a Escobar, Constanza |e colaborador | ||
| 700 | |a Sarmiento, Fernando |e colaborador | ||
| 773 | |g número 14; páginas 13-76 | ||
| 999 | |c 29850 |d 29850 | ||
